| 000 | 02208nam a2200193 i 4500 | ||
|---|---|---|---|
| 001 | 768714001 | ||
| 003 | CO-MdFUSB | ||
| 005 | 20220727150624.0 | ||
| 008 | 220727t1984 ck |||| |||| 00| 0 spa d | ||
| 040 |
_bspa _cCO-MdFUSB _dCO-MdFUSB |
||
| 041 | _aspa | ||
| 100 |
_aIbsen, Henrik, _eautor |
||
| 245 |
_aUn enemigo del pueblo _c/ Henrik Ibsen |
||
| 300 |
_aVolumen 15, (1984) páginas 1 - 58 ; _c22 cm |
||
| 520 | _aEn una localidad cuya principal fuente de riqueza es su balneario, el doctor Thomas Stockmann descubre que sus aguas están contaminadas y advierte sobre los graves peligros que amenazan la salud de los habitantes del pueblo y de los turistas y pacientes que lo frecuentan. Pero tropieza con el rechazo frontal de influyentes personajes, entre ellos el alcalde, que es además su propio hermano. Todos parecen más preocupados por los inconvenientes económicos que implicaría la desinfección del agua y por la posible pérdida de clientes que sufriría el balneario que por el efecto perjudicial que tendría en su salud. Como en otras obras del dramaturgo noruego, en Un enemigo del pueblo se exalta la figura del individuo rebelde e idealista a través del personaje de Stockmann, quien ha sido considerado como el reflejo del mismo Ibsen y portavoz de sus ideas respecto de la corrupción de la vida política moderna, las fallas de la democracia parlamentaria y los problemas que puede acarrear la existencia de una mayoría compacta. Según Sergio Renán en su versión, en la cual se sitúa la acción alrededor de 1950, se hace hincapié, desde el punto de vista actoral, en el hecho de que “todos los personajes, quizá con excepción de Petra, presentan contradicciones. No hay villanos sino seres humanos en los que habitan gran parte de las miserias. Además, a pesar de los enfrentamientos, los enemigos de Stockmann nunca dejan de respetarlo ni de admirarlo.” Desde el punto de vista del lenguaje, "se han conservado los nombres propios nórdicos combinados con cierta coloquialidad argentina.” | ||
| 653 | _aLiteratura noruega | ||
| 773 | 0 |
_067924 _981154 _aOveja Negra, _o24689 _tMaestros de la literatura universal _w(CO-MdFUSB)768714001 _z8482806718 |
|
| 942 | _cBK | ||
| 999 |
_c68022 _d68022 |
||